Forum for køn og kultur.

Bibliographic Details
Corporate Author: Center for Information om Kvinde- og Kønsforskning
Format: Journal
Language:Danish
Published: København : Kvinfo.
Subjects:
Online Availability: Check for online availability

MARC

Tag First Indicator Second Indicator Subfields
LEADER 00000cas a2200000Ia 4500
001 in00002089021
005 20151102151008.0
006 m d
007 cr cnu--------
008 001107c19989999dk uu pss 0 0dan d
022 |a 1399-4549 
035 |a (OCoLC)ocm45294955 
040 |a GZM  |c GZM  |d OCLCQ  |d TXA  |d UtOrBLW 
049 |a TXAM 
090 |a HQ1104  |b .F67 Electronic 
245 0 0 |a Forum for køn og kultur. 
246 3 0 |a Forum 
264 1 |a København :  |b Kvinfo. 
336 |a text  |b txt  |2 rdacontent 
337 |a computer  |b c  |2 rdamedia 
338 |a online resource  |b cr  |2 rdacarrier 
362 1 |a Began in 1998. 
500 |a Title from title screen (viewed Nov. 7, 2000). 
538 |a Mode of access: World Wide Web. 
500 |a Electronic resource. 
650 0 |a Feminism  |v Periodicals. 
650 0 |a Sex role  |v Periodicals. 
710 2 |a Center for Information om Kvinde- og Kønsforskning. 
948 |a cataloged  |b h  |c 2005/11/11  |d c  |e pbump 
994 |a C0  |b TXA 
999 |a MARS 
999 f f |s 90fca1ed-3b42-39d9-9e1d-df34762ee2f2  |i 38e84f7e-85bd-3aee-a94a-82d23e732061  |t 0 
952 f f |a Texas A&M University  |b College Station  |c Electronic Resources  |d Available Online  |t 0  |e HQ1104 .F67  |g Electronic  |h Library of Congress classification 
998 f f |a HQ1104 .F67  |t 0  |l Available Online